| 000 | 00686nam a2200181 a 4500 | ||
|---|---|---|---|
| 005 | 20210219150110.0 | ||
| 008 | 991125s1975 mx 000 0 spa u | ||
| 035 | _aUPN01000007403 | ||
| 049 | _aSEP | ||
| 050 | 4 |
_aL227 D713 _bI5.3 |
|
| 110 | 2 | _aInstituto Nacional de Antropología e Historia (México) | |
| 245 | 1 | 0 |
_aCentro de Investigaciones Superiores del INAH / _cInstituto Nacional de Antropología e Historia. |
| 260 |
_aMéxico : _bINAH, Centro de Investigaciones Superiores : _bSEP, _c1975. |
||
| 300 |
_a134 p. : _bil. |
||
| 440 | 3 |
_aLa casa chata ; _v1 |
|
| 610 | 2 | 4 |
_aINSTITUTO NACIONAL DE ANTROPOLOGIA E HISTORIA (MEXICO). _bCENTRO DE INVESTIGACIONES SUPERIORES |
| 905 | _aLibro | ||
| 999 |
_c7403 _d7403 |
||